OXFORD ACTIVE GEOGRAPHY: GRADE 10 LEARNER'S BOOK (Record no. 216747)

MARC details
000 -LEADER
fixed length control field 00437nam a22001457a 4500
008 - FIXED-LENGTH DATA ELEMENTS--GENERAL INFORMATION
fixed length control field 260303b |||||||| |||| 00| 0 eng d
020 ## - INTERNATIONAL STANDARD BOOK NUMBER
International Standard Book Number 978-9914-44-754-5
100 ## - MAIN ENTRY--PERSONAL NAME
Personal name KIHWAGA, NANCY
245 ## - TITLE STATEMENT
Title OXFORD ACTIVE GEOGRAPHY: GRADE 10 LEARNER'S BOOK
260 ## - PUBLICATION, DISTRIBUTION, ETC.
Place of publication, distribution, etc. NAIROBI
Name of publisher, distributor, etc. OXFORD UNIVERSITY PRESS
Date of publication, distribution, etc. 2025
300 ## - PHYSICAL DESCRIPTION
Extent IV, 196P.
650 ## - SUBJECT ADDED ENTRY
Topical term or geographic name entry element GEOGRAPHY-TEXTBOOKS-SECONDARY EDUCATION-KENYA
942 ## - ADDED ENTRY ELEMENTS (KOHA)
Source of classification or shelving scheme Library of Congress Classification
Koha item type Long Loan Book
Holdings
Withdrawn status Lost status Source of classification or shelving scheme Damaged status Not for loan Collection Home library Current library Date acquired Inventory number Total checkouts Full call number Barcode Date last seen Copy number Price effective from Koha item type
    Library of Congress Classification     Arts & Social Sciences Kisii University Library Kisii University Library 03/03/2026 112243   G 73 .O94 2025 V.10 A000221 03/03/2026 1 03/03/2026 Long Loan Book
    Library of Congress Classification     Arts & Social Sciences Kisii University Library Kisii University Library 03/03/2026 112244   G 73 .O94 2025 V.10 A000223 03/03/2026 2 03/03/2026 Long Loan Book
    Library of Congress Classification     Arts & Social Sciences Kisii University Library Kisii University Library 03/03/2026 112245   G 73 .O94 2025 V.10 A000225 03/03/2026 3 03/03/2026 Long Loan Book
    Library of Congress Classification     Arts & Social Sciences Kisii University Library Kisii University Library 03/03/2026 112246   G 73 .O94 2025 V.10 A000227 03/03/2026 4 03/03/2026 Long Loan Book
    Library of Congress Classification     Arts & Social Sciences Kisii University Library Kisii University Library 03/03/2026 112247   G 73 .O94 2025 V.10 A000230 03/03/2026 5 03/03/2026 Long Loan Book